| 000 | 00666nac a22001931u 4500 | ||
|---|---|---|---|
| 008 | 100906t xxu||||| |||| 00| 0 eng d | ||
| 010 | _a2002043878 | ||
| 020 | _a0201758652 | ||
| 020 | _a8129705516 | ||
| 020 | _a9788129705518 | ||
| 082 | 0 | 0 |
_a005.1068 _bHEN _222 |
| 100 |
_aHenry, Joel. _918115 |
||
| 245 | 1 | 0 |
_aSoftware project management : _ba real-world guide to success / _cJoel Henry. |
| 260 |
_aNew Delhi : _bPearson Education, _cc2004. |
||
| 300 |
_axxvii, 409 p. : _bill. ; _c23 cm. |
||
| 504 | _aIncludes bibliographical references and index. | ||
| 650 | 0 |
_aComputer software _xDevelopment _xManagement. _918116 |
|
| 942 |
_cBB _k005.1068 HEN _2ddc |
||
| 999 |
_c653 _d653 |
||